000 02683cam a22004574i 4500
003 PE-LiUPU
005 20250731173327.0
008 150625s2007 ck r 000 0 spa d
020 _a9586077179
035 _a(Sirsi) i9789586077170
040 _aPE-LiUPU
_bspa
_cPE-LiUPU
_erda
049 _aPRUA
082 0 4 _a226.2
_bF26
_221
100 1 _aFausti, Silvano,
_eautor.
245 1 4 _aUna comunidad lee el evangelio de Mateo /
_cSilvano Fausti.
250 _aSegunda edición.
264 1 _aBogotá :
_bSan Pablo,
_c2007.
300 _a639 páginas ;
_c24 centímetros
336 _atext
_2rdacontent
337 _aunmediated
_2rdamedia
338 _avolume
_2rdacarrier
505 0 _aGénesis de Jesucristo. -No temas tomar contigo a María -- ¿Dónde está el rey de los judíos que ha nacido? -- Será llamado Nazareno -- Yo os bautizo en agua para la conversión -- Éste es mi hijo amado, en quien me complazco -- Apártate, ¡ Satanás! -- El reino de los cielos ha llegado -- Venid conmigo -- Bienaventurados los pobres -- Bienaventurados seréis, cuando os injurien -- No he venido a abolir, sino a dar cumplimiento. -Pues yo os digo. -Cuando des limosna. -Cuando vayas a orar. -Vosotros, pues, orar así. -Cuando ayunes, perfuma tu cabeza -- No podéis servir a Dios y al dinero -- No andéis preocupados -- No juzguéis -- Pedid -- Entrad por la puerta estrecha -- Todo el que oiga estas palabras mías y las ponga en práctica -- Si quieres, puedes limpiarme -- Queda limpio -- No he encontrado en nadie una fe tan grande -- Él cargó con nuestras enfermedades -- Te seguiré -- sígueme -- ¿Por qué tenéis miedo, hombres de poca fe? -- El hijo del hombre tiene en la tierra poder de perdonar pecados -- No he venido a llamar justos sino pecadores -- El novio está con ellos -- Tu fe te ha salvado -- Hágase en vosotros según vuestra fe. (San Mateo 1-9).
526 _aSEG42
526 _aSEG41
526 _aSEG40
526 _aSEG39
526 _aP94
526 _aP87
526 _aP86
526 _aP85
526 _aP77
526 _aP76
526 _aP35
541 _g024-003445;
630 0 4 _aBiblia.
_pN.T.
_pMateo
_xComentarios.
942 _2ddc
_cBOOK
949 _a226.2 F26
_wDEWEY
_c1
_i58711
_lCCODEBUL1
_mBUL
_p29.00
_r0
_sY
_tBOOK
_u2015-6-25
_xTEOLOGIA
_zUNKNOWN
_0COMPRA
_o.STAFF. Colección Teología
994 _aC0
_bPEPRU
596 _a1
999 _a226.2 F26
_wDEWEY
_c47585
_i58711
_d47585
_e2017-5-5
_f2021-11-9
_g5
_lCCODEBUL1
_mBUL
_n2
_p29.00
_q2
_r0
_sY
_tBOOK
_u2015-6-25
_xTEOLOGIA
_PP35
_0COMPRA
_o.STAFF. Colección Teología
980 _81
_gALBERTO SANCHEZ Responsable de Automatización